| 000 | 00534nam a2200169Ia 4500 | ||
|---|---|---|---|
| 999 |
_c3412 _d3412 |
||
| 003 | OSt | ||
| 005 | 20200821111603.0 | ||
| 008 | 190216s9999||||xx |||||||||||||| ||und|| | ||
| 020 | _a9788177587432 | ||
| 040 | _coclc | ||
| 082 |
_a620.5 _bRAT/N |
||
| 100 |
_aRatner, Mark _94256 |
||
| 245 | 0 |
_aNanotechnology : _bA Gentle Introduction To The Next Big Idea / _cMark Ratner ; Daniel Ratner |
|
| 260 |
_bPearson Education Asia, _aNew Delhi: _c2008. |
||
| 300 | _a188p | ||
| 942 |
_cBK _2ddc _h620.5 _iRAT/N _k620.5 _mRAT/N |
||